00530nam a2200169 a 4500008004100000020001500041050002100056100002400077245004000101246002500141260007700166350000900243650001300252650001400265700001800279710006300297060815s2005 ||||||||||||||||| || u a929045170X aUNIDIR902)2005/9 aDhanapala, Jayantha10aMultilateral diplomancy and the NPT aan insider's account aGenevabUnited Nations Institute for Disarmament Research [UNIDIR]c2005 a0.00 aPOLITICS aDIPLOMACY aRydell, Randy aUnited Nations Institute for Disarmament Research (UNIDIR)